| 000 | 02371nam a2200301Ia 4500 | ||
|---|---|---|---|
| 005 | 20151209104732.0 | ||
| 008 | 130821s1595 sp fr 1 mulsd | ||
| 040 |
_aCo-BoUCM _bspa _cSandra Yazo (modificó) _dSandra Yazo (modificó) |
||
| 041 | 0 |
_alat _aspa |
|
| 082 | 0 | 4 |
_a349.46 _220 |
| 092 | _aE02N094 | ||
| 100 | 1 |
_aFernández Messia, Tello _dfl. 15-- _974228 |
|
| 242 | 0 | 0 |
_aPrimera parte de los Comentarios a las primeras treinta y ocho Leyes de Toro _cAutor Tello Fernández _yspa |
| 245 | 1 | 0 |
_aPrima pars commentariorum in primas triginta et octo leges Tauri _cauthore Tello Fernandez |
| 250 | _aIn hac secunda editione locupletatum, & a mendis quibus scatebat, repurgatum [En esta segunda edición completado y corregido de los errores que lo afectaban] | ||
| 260 |
_aMadriti [Madrid] (España) _bApud Ludovicum Sanchez [En los talleres de Luis Sánchez] _c1595 |
||
| 300 |
_a[29] páginas, 245 folios _c28 x 20 cm. |
||
| 500 | _aDetalles físicos: Encuadernación flexible en pergamino. Tapas con perforaciones y arrugas. Notorio doblez en tapa delantera y varias hojas al inicio de la obra. Guardas desprendidas y rotas. Portada impresa en una sola tinta con un grabado, marca tipográfica del editor. Privilegio del rey. Tasación. Erratas. Palabras al lector. Texto impreso en dos columnas. Cenefas. Mayúsculas capitales. Sumarios y párrafos numerados. Signaturas y reclamos. Notorias mancha de humedad en el papel que afecta todo el libro | ||
| 500 | _aIncluye índice | ||
| 505 | 2 | _aLegislación española sobre testamentos, herencias, mejoras y sucesiones: Ley III: Testamentos ; Ley IV: La posibilidad de que el condenado a muerte haga testamento ; Ley V: Posibilidad de testar por parte de los hijos que están bajo la patria potestad ; Ley VI: Derecho de los ascendientes a heredar ex testamento o ab intestato ; Ley VII: Cómo accede un hermano a la herencia de su hermano intestato | |
| 506 | _aConsulta en sala | ||
| 546 | _aTexto en latín con comentarios en español antiguo | ||
| 650 | 7 |
_aDerecho español _xObras anteriores a 1800 _xComentarios _938257 |
|
| 650 | 7 |
_aTestamentos _xObras anteriores a 1800 _937669 _zEspaña |
|
| 653 | _aLeyes de Toro -- España | ||
| 856 | 4 | 1 |
_zDisponible en línea _uhttp://books.google.com.co/books?id=TH1lwOHRP1oC&printsec=frontcover&source=gbs_atb |
| 942 |
_cLIBRO _a8 _e2 _2LOCAL _hE02N094 |
||
| 999 |
_c67286 _d67286 |
||